MDQL
is popping MORE tags! Check the
thread
!
Quizzes
Events
Quiz Creation
Community
Videos
Private Events
Remove Ads
Sign In
Join for FREE
Feedback
Dark Mode
Quiz Categories
Sports
Geography
Music
Movies
Television
Just For Fun
Miscellaneous
History
Literature
Language
Science
Gaming
Entertainment
Religion
Holiday
For Kids
Quiz Lab
Recent
Popular Today
Quiz Kudos Today
Editor Picks
Curator Picks
Quizzes by...
Day
Popularity
Type
Ratings
Length
Year
Community
Subscriptions
Recent Discussions
Orange Saloon
Badges
Playlists
Quests
Create
Leaderboards
Showdown
Live 5
Trivia Bingo
Activity
Puzzle Library
Sporcle Events
Private Events
Virtual Trivia
Globe League
Become a Host
Pub Owners
SporcleCon
Opinionation
Our Games
Videos
Blog
Mobile Apps
Partnerships
Remove Ads and Go Orange
Feedback
Just For Fun
Clickable
Get the Picture
Humor
Quick Pick
Word Ladder
Missing Word
Mixed Word
Blitz
Minefield
This or That
Alphabet
Color
Typing
Sporcle
Puzzle
Word Play
Follow That Line
Logic
Just For Fun
Clickable
Get the Picture
Humor
Quick Pick
Word Ladder
Missing Word
Mixed Word
Blitz
Minefield
This or That
Alphabet
Color
Typing
Sporcle
Puzzle
Word Play
Follow That Line
Logic
Random Quiz
Search Sporcle
×
Editor Pick
Editor Pick
Just For Fun
Twitter
Type in answers that appear in a list
Type in answers that appear in a list
Classic
Best Score? Go Orange.
Who tweeted it: Jaden Smith or Yoko Ono? Stats
Can you identify which beacon of social media wisdom, Jaden Smith or Yoko Ono, published these tweets?
By
SweetPea87
5m
18 Questions
623 Plays
623 Plays
623 Plays
Comments
Comments
Give Quiz Kudos
Give Quiz Kudos
-
- Ratings
hide this ad
More Info
Forced Order
Answers have to be entered in order
Answers have to be entered in order
Wrong Answers
Some wrong answers will appear in red
Some wrong answers will appear in red
Replay
Link that replays current quiz
Next Quiz
Link to next quiz in quiz playlist
You Got
0%
They Got
Avg Score
58%
Avg Friend Score
Upgrade to see
Score Distribution
Jump to the score distribution portion of the page
Score
0/18
Timer
05:00
0
Plays Today
Tweet
Tweeter
% Correct
Watch the sun set. See how the sun takes a good long time to go down
???
71.3%
Why is it always 3 WHY IS IT ALWAYS 3!!!!!
???
69.5%
You see a chair as it is. But when you burn the chair, you suddenly realize that the chair in your head did not burn or disappear
???
65.2%
If newborn babies could speak they would be the most intelligent beings on Planet Earth
???
64.7%
Throw a stone into the sky high enough so it will not come back
???
64.4%
Trees are never sad look at them every once in awhile they're quite beautiful.
???
63.9%
5676977
???
63.7%
Either I lie to you or we cry together
???
61.8%
Change the world. Make it full of art love and light And don't let anyone tell you you cant. Seriously
???
61.6%
Tweet
Tweeter
% Correct
How can mirrors be real if our eyes aren't real
???
59.9%
A line can be straight, curved and spiral at the same time
???
59.4%
Join me in my purple world
???
59.4%
I'm slowly realizing I need to make a trip out to Norway
???
57.6%
Green white and blue make dreams come true
???
52.3%
We need to stop teaching the youth about the past and encourage them to change the future.
???
50.7%
I would like to see a sky vending machine on every corner of the street instead of the coke machine. We need more skies than coke
???
49.3%
It is not possible to control a mind-
time with a stopwatch or a metronome
???
46.5%
Carry a stone
???
39%
Quiz Playlist
Details
Report
Send in Message
Add To Playlist
More Info:
So as not to make it obvious, all tweets have been converted into regular sentence case (as opposed to each word capitalised)
Classic:
Type in answers that appear in a list
Forced Order:
Answers have to be entered in order
Wrong Answers:
Some wrong answers will appear in red
Quiz Source
Last Updated: Feb 16, 2017
Editor Pick in
Just For Fun
Quiz Scoreboard
CHALLENGE
Sign Up to Join the Scoreboard
Show All
Scores
Hide
Comments
May contain spoilers
Recently Published
Street Fighter Characters
by Artimus82
Gaming
60s
9x9 Crossword: Cartoon Network
by jackfrog10
Miscellaneous
3m
College Basketball Coaching Resumes
by pancakes188
Sports
9m
More to Explore
Quiz From the Vault
Featured Blog Post
Where Did the Easter Bunny Come From?
hide this ad
You Might Also Like...
Tags
Twitter
Today's Top Quizzes in Just For Fun
Browse Just For Fun
hide this ad
Today's Top Quizzes in Twitter
Browse Twitter
Top Contributed Quizzes in Just For Fun
1
Name Just One - 10 to 1: Just For Fun
2
Killer Double Trees 224 - Colour Match-Up
3
Spring Typing Challenge
4
Crossword Whiteout! 49
5
Zeroing In: Just For Fun
6
Survivor Winners Logic Puzzle
7
Word Ladder: Ahoy Matey
8
Word Ladder: Wilderness Weapon
9
Kyle's 122nd Triple Trees
10
Harry Potter Logic - 'In Chains' II
Explore More
Trending Topics
Marvel
Harry Potter
Crossword
Disney
Kpop
NBA
Anime
Pokémon
The Office
Country
Puzzle
WWE
Song
NFL
Soccer
hide this ad
More By:
SweetPea87
Quiz
Plays
Rating
Category
Featured
Created
Who tweeted it: Jaden Smith or Yoko Ono?
623
4.71
Just For Fun
May 27, 2014
Australian Deserts
256
Geography
Dec 22, 2013
Go to Creator's Profile
Score Distribution
Quiz Creator Spotlight
SweetPea87
Follow
Send a Message
Quizzes Created
-
Created Quiz Play Count
-
More By This Creator
Popular Quizzes Today
1
Find the US States - No Outlines Minefield
2
Find the Countries of Europe - No Outlines Minefield
3
The Countries of the World
4
Find the US States
5
Risky Map Clicking: Biggest States A-Z
6
US States
7
Popular People in 1961
8
Movies - When Are They Set?
More Just For Fun Quizzes
Saturday Sudoku CL
Published
Trending Quizzes
Risky Map Clicking: Least Populous States A-Z
Countries of the World: 200 Million BC
1-10 Letter G Words
Risky Map Clicking: Next State Alphabetically
Adjectives in 80s TV Shows
Recently Updated
Leaping Animals
pecheneg
Reality TV Shows (A-Z)
bhenderson79
Rickey Henderson's Hall of Fame Teammates
pecheneg
Champions League XIs: Arsenal
pecheneg
Quick Pick: Celebrities in WWE's Hall of Fame
aduchscher
A-Z Keypad Blitz II
pecheneg
Multiple Oscar Actors
pecheneg
Mystery Phrase Blitz: Oscar 'Best Actors'
pecheneg
F. Scott Fitzgerald Novels
LTH
Pick 3 Villains
ddd62291
Trending Topics
NBA
Kpop
Harry Potter
Crossword
Anime
Disney
Marvel
Soccer
NFL
Country
Puzzle
WWE
Pokémon
The Office
Song
Your Account Isn't Verified!
In order to create a playlist on Sporcle, you need to verify the email address you used during registration. Go to your
Sporcle Settings
to finish the process.
Report this User
Report this user for behavior that violates our
Community Guidelines
.
Details:
Send Report
Go to the Sporcle.com Mobile Site →
Comments